00672nam a2200205 u 450000100070000000500170000700800410002403500110006503500210007604000130009704100080011010000360011824500520015426000610020630000140026760000370028165000280031865000150034677301050036122957820241108090417.0980709s1982 spa  a229578 a(OCoLC)777710554 ccomduadb aspa10aArcila Arango, Miguel4auteaut10aNietzsche y la fantasia infantil del parricidio aMedellín :bEditorial Universidad de Antioquia,c1982. ap.115-12714aNietzsche, Friedrich,d1844-1900 aFantasia (Psicología) aParricidio0 tMartes del Paraninfo : sobre psiquiatria y psicoanalisisgp.115-127w186339w(OCoLC)778054661082127